Open Data Biblioteca Nacional de Portugal


República Portuguesa: Ministério da Cultura
Biblioteca Nacional de Portugal

Catálogo da BNP: acesso por Identificadores Unívocos
Registos Bibliográficos associados ao registo de autoridade

Etiqueta de registo: 00254nam 2200025 450
001 2284112
003 http://id.bnportugal.gov.pt/bib/catbnp/2284112
010 ## $a978-989-8593-31-3
100 ## $a20260410d2025 k a0pory01030103ba
101 0# $aeng$afre
102 ## $aPT
105 ## $aa z 000yy
106 ## $ar
200 1# $a The role of the military in political transitions, from the 18th century to the present day$eacta 2024$fXLIX International Congress of Military History$fcoord., ed. Jorge Silva Rocha
210 #9 $aLisbon$cPortuguese Commission of Military History,$d2025
215 ## $a2 v.$cil.$d24 cm
675 ## $a321.01(100)"17/20"(091)(042)$vBN$zpor$31997533
675 ## $a355.01(100)"17/20"(091)(042)$vBN$zpor$31997532
675 ## $a355.48(100)"17/20"(042)$vBN$zpor$31997531
702 #1 $aRocha,$bJorge Silva,$f1968-$4340$31586652
710 12 $aInternational Congress of Military History,$d49,$eLisboa,$f2024$31995384
801 #0 $aPT$bBN$gRPC
856 41 $uhttp://rnod.bnportugal.gov.pt/ImagesBN/winlibimg.aspx?skey=&doc=2284112&img=222064&save=true
900 ## $aBIBNAC$d20260511
966 ## $b001$dV. 1$lBN$mFGMON$sS.C. 169066 V.$x1
966 ## $b001$dV. 2$lBN$mFGMON$sS.C. 169067 V.$x1
971 ## $cssilva$d20260410
972 ## $e0$z0$d20260511$vasantos
973 ## $ctrodrigues$d20260504
975 ## $e0$d20260512$viquintas

OpendataBNP@bnportugal.pt | Mais informação sobre acesso aos dados BNP